=LDR 00000nam 2200000 4500 =001 INLIS000000000001413 =005 20220712091245 =035 ##$$a 0010-061300000001413 =008 220712################g##########0#ind## =041 ##$$a Ind =082 ##$$a 810.7 =090 ##$$a 810.7, Wid-s =100 ##$$a WIDDOWSON, H.G =245 1#$$a Stilistika dan pengajaran sastra /$c H.G. Widdowson; penerjemah, Sudijah =260 ##$$a Surabaya :$b Airlangga University Press,$c 1997 =300 ##$$a ix, 151 hlm, : $b Ilus, ; $c 23,5 cm =650 #4$$a Kesusastraan Indonesia =650 #4$$a Studi dan Pengajaran =850 ##$$a NBPNMAT =020 ##$$a 0-582-55076-9 =084 ##$$a 810.7 WID s =700 #$$a Sudijah =990 ##$$a 150.636/Pb.99 =990 ##$$a 150.637/Pb.99 =990 ##$$a 00020002 =990 ##$$a 150.638/Pb-99 =990 ##$$a 150.636/Pb.99 =990 ##$$a 150.637/Pb.99